| 000 | 00526cam a22001217a 4500 | ||
|---|---|---|---|
| 008 | 180718b-- xxu||||| |||| 00| 0 eng d | ||
| 082 | _aL906x54521 | ||
| 245 |
_aReport of the Comptroller and Auditor General of India on union territory finances, Puducherry _cby Comptroller and Auditor general of India, Puducherry |
||
| 260 |
_aPuducherry _bComptroller and Auditor General of India _c-- |
||
| 500 | _aLibrary has 2008/09 | ||
| 650 | _aAuditing - India - Puducherry | ||
| 700 | _aPuducherry. Comptroller and Auditor General of India | ||
| 999 |
_c491897 _d491897 |
||